[Event "37th Belgrade Trophy 2024"]
[Site "Belgrade"]
[Date "2024.11.25"]
[Round "3.4"]
[White "Baghdasaryan, Davit"]
[Black "Sutormin, Danila"]
[Result "1/2-1/2"]
[WhiteElo "2121"]
[BlackElo "2394"]
[Annotator "RC"]
[PlyCount "157"]
[EventDate "2024.11.23"]
[EventCountry "SRB"]
[SourceTitle "playchess.com"]
[Source "ChessBase"]
[SourceQuality "1"]
[TimeControl "40/5400+30:900+30"]

1. e4 {[%emt 0:00:04]} c5 {[%emt 0:01:20]} 2. Nf3 {[%emt 0:00:19]} g6 {[%emt 0:00:46]} 3. d4 {[%emt 0:01:35]} cxd4 {[%emt 0:00:13]} 4. Nxd4 {[%emt 0:01:17]} Nc6 {[%emt 0:03:36]} 5. c4 {[%emt 0:00:13]} Nf6 {[%emt 0:00:32]} 6. Nc3 {[%emt 0:00:13]} d6 {[%emt 0:00:17]} 7. Nc2 {[%emt 0:00:27]} Bg7 {[%emt 0:00:47]} 8. Be2 {[%emt 0:00:19]} O-O {[%emt 0:00:13]} 9. O-O {[%emt 0:00:05]} Be6 {[%emt 0:15:38]} 10. Bd2 {[%emt 0:02:13]} Nd7 {[%emt 0:01:33]} 11. Rb1 {[%emt 0:20:56]} Rc8 {[%emt 0:08:35]} 12. b3 {[%emt 0:04:25]} Nc5 {[%emt 0:03:22]} 13. f3 {[%emt 0:01:32]} f5 {[%emt 0:03:51]} 14. b4 {[%emt 0:12:18]} Nd7 {[%emt 0:01:36]} 15. Nd5 {[%emt 0:06:08]} fxe4 {[%emt 0:19:06]} 16. fxe4 {[%emt 0:00:27]} Rxf1+ {[%emt 0:00:44]} 17. Qxf1 {[%emt 0:07:03]} Nf6 {[%emt 0:08:06]} 18. Qf4 {[%emt 0:03:27]} Ne5 {[%emt 0:11:59]} 19. Nce3 {[%emt 0:01:08]} Kh8 {[%emt 0:04:05]} 20. h4 {[%emt 0:01:43]} Qd7 {[%emt 0:02:45]} 21. Nxf6 {[%emt 0:09:36]} Bxf6 {[%emt 0:02:34]} 22. h5 {[%emt 0:04:18]} g5 {[%emt 0:01:07]} 23. Qf1 {[%emt 0:02:24]} Qa4 {[%emt 0:00:47]} 24. Nd5 {[%emt 0:04:22]} Bxd5 {[%emt 0:01:35]} 25. exd5 {[%emt 0:00:58]} Qc2 {[%emt 0:02:41]} 26. Be3 {[%emt 0:05:11]} Qe4 {[%emt 0:01:41]} 27. Bxa7 {[%emt 0:01:52]} Ra8 {[%emt 0:00:30]} 28. Bf2 {[%emt 0:00:49]} Rxa2 {[%emt 0:00:37]} 29. Re1 {[%emt 0:00:32]} Qf4 {[%emt 0:01:26]} 30. c5 {[%emt 0:01:55]} Nd3 {[%emt 0:00:59]} 31. g3 {[%emt 0:03:27]} Qxf2+ {[%emt 0:00:43]} 32. Qxf2 {[%emt 0:00:02]} Nxf2 {[%emt 0:00:01]} 33. Kxf2 {[%emt 0:00:01]} dxc5 {[%emt 0:00:29]} 34. bxc5 {[%emt 0:00:10]} Bd4+ {[%emt 0:00:14]} 35. Kf3 {[%emt 0:01:00]} Bxc5 {[%emt 0:00:24]} 36. Rb1 {[%emt 0:02:34]} b6 {[%emt 0:00:19]} 37. Bb5 {[%emt 0:01:21]} Rd2 {[%emt 0:01:19]} 38. Ke4 {[%emt 0:02:28]} Kg7 {[%emt 0:00:36]} 39. Rb3 {[%emt 0:00:21]} g4 {[%emt 0:01:33]} 40. Bd7 {[%emt 0:00:00]} Rd4+ {[%emt 0:00:00]} 41. Ke5 {[%emt 0:01:48]} Kh6 {[%emt 0:02:43]} 42. Rb1 {[%emt 0:02:00]} Rc4 {[%emt 0:05:44]} 43. Kf5 {[%emt 0:01:04]} Rd4 {[%emt 0:03:33]} 44. Ke5 {[%emt 0:03:33]} Rd3 {[%emt 0:03:09]} 45. Bxg4 {[%emt 0:00:34]} Kg5 {[%emt 0:01:07]} 46. Bf5 {[%emt 0:01:41]} Re3+ {[%emt 0:00:29]} 47. Be4 {[%emt 0:00:06]} h6 {[%emt 0:00:15]} 48. Rf1 {[%emt 0:04:32]} Rxg3 {[%emt 0:02:19]} 49. Bf3 {[%emt 0:02:11]} b5 {[%emt 0:00:28]} 50. Ke4 {[%emt 0:00:15]} b4 {[%emt 0:00:20]} 51. Rb1 {[%emt 0:02:37]} Rh3 {[%emt 0:00:42]} 52. Rb3 {[%emt 0:01:17]} Rh4+ {[%emt 0:00:12]} 53. Kd3 {[%emt 0:00:08]} Kf4 {[%emt 0:00:25]} 54. Bd1 {[%emt 0:00:56]} Bd6 {[%emt 0:00:44]} 55. Be2 {[%emt 0:00:34]} Ke5 {[%emt 0:00:22]} 56. Bf3 {[%emt 0:00:21]} Rh3 {[%emt 0:00:18]} 57. Kc4 {[%emt 0:00:26]} Rh2 {[%emt 0:00:45]} 58. Kd3 {[%emt 0:00:41]} Rf2 {[%emt 0:00:15]} 59. Kc4 {[%emt 0:00:22]} Kf4 {[%emt 0:00:49]} 60. Bd1 {[%emt 0:00:26]} Ke4 {[%emt 0:00:31]} 61. Rd3 {[%emt 0:00:41]} Be5 {[%emt 0:00:56]} 62. Bb3 {[%emt 0:00:25]} Bd6 {[%emt 0:01:07]} 63. Bd1 {[%emt 0:00:07]} Rf8 {[%emt 0:00:05]} 64. Rd4+ {[%emt 0:01:00]} Ke5 {[%emt 0:00:13]} 65. Rd3 {[%emt 0:00:30]} Rc8+ {[%emt 0:00:16]} 66. Kb3 {[%emt 0:00:07]} Kf4 {[%emt 0:00:23]} 67. Bc2 {[%emt 0:00:26]} Ra8 {[%emt 0:00:27]} 68. Rd4+ {[%emt 0:00:49]} Ke5 {[%emt 0:00:50]} 69. Rd3 {[%emt 0:00:33]} Ra1 {[%emt 0:00:21]} 70. Kc4 {[%emt 0:00:35]} Rc1 {[%emt 0:00:47]} 71. Kb3 {[%emt 0:00:25]} Kf4 {[%emt 0:00:33]} 72. Rd1 {[%emt 0:00:24]} Rxd1 {[%emt 0:00:08]} 73. Bxd1 {[%emt 0:00:01]} Ke3 {[%emt 0:00:06]} 74. Bg4 {[%emt 0:00:17]} Kf4 {[%emt 0:00:12]} 75. Be6 {[%emt 0:00:05]} Ke3 {[%emt 0:00:03]} 76. Bf7 {[%emt 0:00:03]} Kf4 {[%emt 0:00:04]} 77. Be6 {[%emt 0:00:03]} Ke3 {[%emt 0:00:04]} 78. Bf7 {[%emt 0:00:03]} Kf4 {[%emt 0:00:03]} 79. Be6 {[%emt 0:00:04]} 1/2-1/2

[Event "37th Belgrade Trophy 2024"]
[Site "Belgrade"]
[Date "2024.11.25"]
[Round "3.5"]
[White "Xie, Jianjun"]
[Black "Karisik, Nenad"]
[Result "1-0"]
[WhiteElo "2361"]
[BlackElo "2119"]
[Annotator "RC"]
[PlyCount "61"]
[EventDate "2024.11.23"]
[EventCountry "SRB"]
[SourceTitle "playchess.com"]
[Source "ChessBase"]
[SourceQuality "1"]
[TimeControl "40/5400+30:900+30"]

1. e4 {[%emt 0:00:20]} e5 {[%emt 0:00:05]} 2. Nf3 {[%emt 0:00:10]} Nc6 {[%emt 0:00:04]} 3. Bb5 {[%emt 0:00:39]} a6 {[%emt 0:00:22]} 4. Ba4 {[%emt 0:00:07]} Nf6 {[%emt 0:00:16]} 5. d4 {[%emt 0:01:32]} exd4 {[%emt 0:02:56]} 6. O-O {[%emt 0:00:13]} Be7 {[%emt 0:01:04]} 7. Re1 {[%emt 0:00:13]} O-O {[%emt 0:02:45]} 8. e5 {[%emt 0:00:09]} Ne8 {[%emt 0:02:30]} 9. c3 {[%emt 0:00:30]} b5 {[%emt 0:06:10]} 10. Bb3 {[%emt 0:15:33]} d5 {[%emt 0:03:05]} 11. cxd4 {[%emt 0:01:57]} Bg4 {[%emt 0:04:31]} 12. Nc3 {[%emt 0:00:43]} Bxf3 {[%emt 0:02:30]} 13. gxf3 {[%emt 0:14:31]} Bb4 {[%emt 0:03:25]} 14. Bxd5 {[%emt 0:10:33]} Bxc3 {[%emt 0:02:18]} 15. Bxc6 {[%emt 0:00:02]} Bxe1 {[%emt 0:00:33]} 16. Qxe1 {[%emt 0:00:10]} Rb8 {[%emt 0:03:50]} 17. Qe4 {[%emt 0:10:37]} Rb6 {[%emt 0:04:34]} 18. Bd2 {[%emt 0:12:07]} b4 {[%emt 0:01:42]} 19. Rc1 {[%emt 0:00:35]} g6 {[%emt 0:02:37]} 20. d5 {[%emt 0:01:08]} Ng7 {[%emt 0:08:48]} 21. Kh1 {[%emt 0:01:14]} Qe7 {[%emt 0:09:22]} 22. Be3 {[%emt 0:02:05]} f5 {[%emt 0:00:42]} 23. d6 {[%emt 0:07:00]} Qf7 {[%emt 0:06:54]} 24. Qc4 {[%emt 0:01:42]} Rxc6 {[%emt 0:01:59]} 25. Qxf7+ {[%emt 0:01:01]} Kxf7 {[%emt 0:01:39]} 26. Rxc6 {[%emt 0:00:06]} Ne6 {[%emt 0:00:36]} 27. dxc7 {[%emt 0:01:49]} Rc8 {[%emt 0:00:06]} 28. Bb6 {[%emt 0:00:04]} Ke7 {[%emt 0:00:27]} 29. Ba5 {[%emt 0:00:23]} Kd7 {[%emt 0:00:24]} 30. Rd6+ {[%emt 0:00:15]} Ke7 {[%emt 0:00:06]} 31. Rxa6 {[%emt 0:01:53]} 1-0

[Event "37th Belgrade Trophy 2024"]
[Site "Belgrade"]
[Date "2024.11.23"]
[Round "4"]
[White "Liu, Haoling"]
[Black "Atalik, Suat"]
[Result "1/2-1/2"]
[WhiteElo "1942"]
[BlackElo "2420"]
[Annotator "RC"]
[PlyCount "89"]
[EventDate "2024.11.23"]
[EventCountry "SRB"]
[SourceTitle "playchess.com"]
[Source "ChessBase"]
[SourceQuality "1"]

1. d4 e6 2. c4 Bb4+ 3. Nd2 d5 4. e3 Nf6 5. Ngf3 O-O 6. a3 Be7 7. b3 b6 8. cxd5 exd5 9. Bb2 Bb7 10. Be2 Nbd7 11. O-O Bd6 12. Rc1 Re8 13. b4 a6 14. Qc2 Rc8 15. Qf5 Qe7 16. Rc2 g6 17. Qh3 h5 18. Qh4 c6 19. Re1 a5 20. bxa5 bxa5 21. Nb3 Bxa3 22. Nxa5 Bxb2 23. Rxb2 Ba8 24. Nb3 Rb8 25. Rbb1 Rb4 26. Nbd2 Reb8 27. Rxb4 Rxb4 28. Ra1 Bb7 29. Qg5 Nf8 30. Bd3 Rb2 31. Rb1 Rxb1+ 32. Nxb1 Ne6 33. Qg3 Ne4 34. Qb8+ Kh7 35. Nbd2 c5 36. dxc5 Nxd2 37. Nxd2 Nxc5 38. Bf1 Ba6 39. Qb4 Bxf1 40. Nxf1 Qc7 41. Qd2 Qe5 42. h3 Ne4 43. Qd3 Kg7 44. Nd2 Nxd2 45. Qxd2 1/2-1/2

[Event "37th Belgrade Trophy 2024"]
[Site "Belgrade"]
[Date "2024.11.26"]
[Round "4.3"]
[White "Leftheriotis, Alexandros"]
[Black "Xie, Jianjun"]
[Result "1/2-1/2"]
[WhiteElo "2165"]
[BlackElo "2361"]
[Annotator "RC"]
[PlyCount "55"]
[EventDate "2024.11.23"]
[EventCountry "SRB"]
[SourceTitle "playchess.com"]
[Source "ChessBase"]
[SourceQuality "1"]
[TimeControl "40/5400+30:900+30"]

1. e4 {[%emt 0:00:43]} e5 {[%emt 0:00:10]} 2. Nf3 {[%emt 0:00:37]} Nc6 {[%emt 0:00:06]} 3. Bb5 {[%emt 0:00:36]} a6 {[%emt 0:00:06]} 4. Ba4 {[%emt 0:00:26]} Nf6 {[%emt 0:00:06]} 5. d3 {[%emt 0:00:24]} d6 {[%emt 0:02:28]} 6. c3 {[%emt 0:00:42]} g6 {[%emt 0:00:37]} 7. O-O {[%emt 0:01:01]} Bg7 {[%emt 0:00:03]} 8. Re1 {[%emt 0:00:42]} O-O {[%emt 0:00:06]} 9. h3 {[%emt 0:01:26]} Re8 {[%emt 0:03:12]} 10. Be3 {[%emt 0:02:59]} d5 {[%emt 0:14:46]} 11. Nbd2 {[%emt 0:05:34]} h6 {[%emt 0:00:34]} 12. a3 {[%emt 0:13:07]} g5 {[%emt 0:18:46]} 13. d4 {[%emt 0:17:40]} exd4 {[%emt 0:16:45]} 14. Nxd4 {[%emt 0:08:20]} Bd7 {[%emt 0:00:08]} 15. Nxc6 {[%emt 0:02:17]} Bxc6 {[%emt 0:05:54]} 16. Bxc6 {[%emt 0:02:11]} bxc6 {[%emt 0:00:02]} 17. Qa4 {[%emt 0:04:33]} Nxe4 {[%emt 0:05:07]} 18. Qxc6 {[%emt 0:05:06]} Re6 {[%emt 0:00:31]} 19. Qa4 {[%emt 0:00:06]} Rb8 {[%emt 0:02:57]} 20. Rad1 {[%emt 0:04:01]} Qe8 {[%emt 0:10:31]} 21. Qxe8+ {[%emt 0:08:28]} Rexe8 {[%emt 0:00:13]} 22. Nxe4 {[%emt 0:00:16]} Rxe4 {[%emt 0:02:33]} 23. Rxd5 {[%emt 0:00:59]} Rxb2 {[%emt 0:00:01]} 24. Rc5 {[%emt 0:04:28]} Rb3 {[%emt 0:04:34]} 25. Rxc7 {[%emt 0:02:50]} Rxa3 {[%emt 0:04:14]} 26. Rd1 {[%emt 0:02:08]} Be5 {[%emt 0:00:23]} 27. Rc8+ {[%emt 0:03:17]} Kg7 {[%emt 0:01:26]} 28. Bd4 {[%emt 0:01:04]} 1/2-1/2

[Event "37th Belgrade Trophy 2024"]
[Site "Belgrade"]
[Date "2024.11.26"]
[Round "4.5"]
[White "Sutormin, Danila"]
[Black "Kerner, Michael"]
[Result "1-0"]
[WhiteElo "2394"]
[BlackElo "2086"]
[Annotator "RC"]
[PlyCount "119"]
[EventDate "2024.11.23"]
[EventCountry "SRB"]
[SourceTitle "playchess.com"]
[Source "ChessBase"]
[SourceQuality "1"]
[TimeControl "40/5400+30:900+30"]

1. e4 {[%emt 0:05:57]} c6 {[%emt 0:01:22]} 2. d4 {[%emt 0:00:09]} d5 {[%emt 0:00:07]} 3. e5 {[%emt 0:00:48]} c5 {[%emt 0:00:07]} 4. Nf3 {[%emt 0:00:32]} Nc6 {[%emt 0:01:04]} 5. dxc5 {[%emt 0:06:03]} Bg4 {[%emt 0:00:39]} 6. c3 {[%emt 0:01:16]} e6 {[%emt 0:01:06]} 7. Be3 {[%emt 0:08:51]} Nh6 {[%emt 0:16:40]} 8. Bb5 {[%emt 0:03:43]} Qc7 {[%emt 0:06:56]} 9. Nbd2 {[%emt 0:04:44]} Nf5 {[%emt 0:03:38]} 10. Bd4 {[%emt 0:02:48]} Be7 {[%emt 0:02:31]} 11. O-O {[%emt 0:09:08]} O-O {[%emt 0:01:15]} 12. Qa4 {[%emt 0:03:27]} Bh5 {[%emt 0:11:59]} 13. Rfe1 {[%emt 0:03:44]} g5 {[%emt 0:12:42]} 14. h3 {[%emt 0:03:34]} Bg6 {[%emt 0:02:34]} 15. g4 {[%emt 0:12:37]} Nfxd4 {[%emt 0:04:20]} 16. cxd4 {[%emt 0:00:24]} f5 {[%emt 0:01:13]} 17. exf6 {[%emt 0:01:24]} Rxf6 {[%emt 0:00:16]} 18. Bxc6 {[%emt 0:04:00]} bxc6 {[%emt 0:02:49]} 19. Ne5 {[%emt 0:00:37]} Rc8 {[%emt 0:04:20]} 20. Re3 {[%emt 0:07:37]} Be8 {[%emt 0:04:36]} 21. Rae1 {[%emt 0:00:23]} Bf8 {[%emt 0:03:47]} 22. Ra3 {[%emt 0:06:06]} Rf4 {[%emt 0:03:00]} 23. Nd3 {[%emt 0:00:51]} Rf7 {[%emt 0:04:49]} 24. Rxe6 {[%emt 0:00:54]} Bg7 {[%emt 0:03:07]} 25. Ne5 {[%emt 0:05:17]} Rf4 {[%emt 0:00:29]} 26. Ndf3 {[%emt 0:01:37]} a6 {[%emt 0:05:52]} 27. Qxa6 {[%emt 0:01:45]} Bxe5 {[%emt 0:01:20]} 28. Rxe5 {[%emt 0:00:29]} Bg6 {[%emt 0:00:08]} 29. Qb6 {[%emt 0:03:18]} Qg7 {[%emt 0:00:17]} 30. Ree3 {[%emt 0:01:53]} Rcf8 {[%emt 0:00:11]} 31. Qxc6 {[%emt 0:01:13]} Be4 {[%emt 0:00:11]} 32. Qe6+ {[%emt 0:00:34]} Kh8 {[%emt 0:00:12]} 33. Kg2 {[%emt 0:00:27]} Qxd4 {[%emt 0:00:45]} 34. Kg3 {[%emt 0:00:17]} Qxb2 {[%emt 0:00:48]} 35. c6 {[%emt 0:00:56]} Qa1 {[%emt 0:00:16]} 36. Qe5+ {[%emt 0:00:27]} Qxe5 {[%emt 0:00:07]} 37. Nxe5 {[%emt 0:00:02]} Rxf2 {[%emt 0:00:21]} 38. Nf3 {[%emt 0:00:48]} Rc2 {[%emt 0:01:14]} 39. Nxg5 {[%emt 0:00:12]} Bg6 {[%emt 0:01:15]} 40. Ne6 {[%emt 0:00:38]} Rc8 {[%emt 0:00:19]} 41. Rec3 {[%emt 0:15:54]} Re2 {[%emt 0:15:23]} 42. Nf4 {[%emt 0:00:31]} Rd2 {[%emt 0:00:42]} 43. Nxg6+ {[%emt 0:00:31]} hxg6 {[%emt 0:00:02]} 44. c7 {[%emt 0:00:31]} d4 {[%emt 0:00:08]} 45. Rc4 {[%emt 0:00:22]} d3 {[%emt 0:00:22]} 46. Rb3 {[%emt 0:00:29]} Kg7 {[%emt 0:00:19]} 47. a4 {[%emt 0:00:00]} Rd1 {[%emt 0:00:00]} 48. Rd4 {[%emt 0:00:00]} d2 {[%emt 0:00:00]} 49. Rd7+ {[%emt 0:00:00]} Kf6 {[%emt 0:00:00]} 50. Rbd3 {[%emt 0:00:00]} Rg1+ {[%emt 0:00:00]} 51. Kf4 {[%emt 0:01:04]} g5+ {[%emt 0:00:00]} 52. Ke3 {[%emt 0:00:05]} d1=Q {[%emt 0:00:00]} 53. Rxd1 {[%emt 0:00:06]} Rxd1 {[%emt 0:00:00]} 54. Rxd1 {[%emt 0:00:02]} Rxc7 {[%emt 0:00:00]} 55. Ra1 {[%emt 0:00:46]} Ke5 {[%emt 0:00:00]} 56. Ra3 {[%emt 0:02:28]} Rc2 {[%emt 0:01:19]} 57. Kf3 {[%emt 0:00:28]} Kd4 {[%emt 0:00:01]} 58. a5 {[%emt 0:00:18]} Rc7 {[%emt 0:01:13]} 59. a6 {[%emt 0:00:04]} Ra7 {[%emt 0:00:03]} 60. Ra5 {[%emt 0:00:21]} 1-0

[Event "37th Belgrade Trophy 2024"]
[Site "Belgrade"]
[Date "2024.11.27"]
[Round "5.1"]
[White "Bryakin, Mikhail"]
[Black "Sutormin, Danila"]
[Result "1/2-1/2"]
[WhiteElo "2435"]
[BlackElo "2394"]
[Annotator "TA"]
[PlyCount "25"]
[EventDate "2024.11.23"]
[EventCountry "SRB"]
[SourceTitle "playchess.com"]
[Source "ChessBase"]
[SourceQuality "1"]
[TimeControl "40/5400+30:900+30"]

{[%evp 15,25,-26,-22,-28,5,-18,-9,-6,0,-18,0,-63]} 1. Nf3 {[%emt 0:00:04]} d5 {[%emt 0:00:10]} 2. b3 {[%emt 0:00:09]} Nf6 {[%emt 0:00:08]} 3. Bb2 {[%emt 0:00:08]} e6 {[%emt 0:00:09]} 4. g3 {[%emt 0:00:11]} c5 {[%emt 0:00:11]} 5. Bg2 {[%emt 0:00:16]} Be7 {[%emt 0:00:08]} 6. O-O {[%emt 0:00:12]} O-O {[%emt 0:00:09]} 7. d3 {[%emt 0:00:13]} Nc6 {[%emt 0:00:08]} 8. Nbd2 {[%emt 0:00:11]} Qc7 {[%emt 0:00:40]} 9. e4 {[%emt 0:00:51]} b5 {[%emt 0:00:22]} 10. a4 {[%emt 0:00:22] [#] Black must now prevent exd5. The position is equal.} b4 {[%emt 0:00:17]} 11. Re1 {[%emt 0:00:10]} Bb7 {[%emt 0:00:25]} 12. h4 {[%emt 0:00:21]} h6 {[%emt 0:00:42]} 13. e5 {[%emt 0:00:28] White did not feel at home in the position after the opening.   Weighted Error Value: White=0.11 (very precise) /Black=0.12 (very precise) .  Mistake:       	White=1     	---        Inaccurate:     	---       	Black=1      OK:         	White=1     	Black=1} ({White should play} 13. exd5 $11 Nxd5 14. Ne5) 1/2-1/2

[Event "37th Belgrade Trophy 2024"]
[Site "Belgrade"]
[Date "2024.11.27"]
[Round "5.2"]
[White "Stanojoski, Zvonko"]
[Black "Leftheriotis, Alexandros"]
[Result "1-0"]
[WhiteElo "2401"]
[BlackElo "2165"]
[Annotator "RC"]
[PlyCount "71"]
[EventDate "2024.11.23"]
[EventCountry "SRB"]
[SourceTitle "playchess.com"]
[Source "ChessBase"]
[SourceQuality "1"]
[TimeControl "40/5400+30:900+30"]

1. e4 {[%emt 0:04:58]} c5 {[%emt 0:00:22]} 2. Nf3 {[%emt 0:00:11]} d6 {[%emt 0:00:33]} 3. d4 {[%emt 0:00:12]} cxd4 {[%emt 0:00:27]} 4. Nxd4 {[%emt 0:00:05]} Nf6 {[%emt 0:00:10]} 5. Nc3 {[%emt 0:00:05]} a6 {[%emt 0:00:22]} 6. Be2 {[%emt 0:00:23]} e5 {[%emt 0:00:36]} 7. Nb3 {[%emt 0:00:06]} Be7 {[%emt 0:00:38]} 8. O-O {[%emt 0:00:15]} O-O {[%emt 0:00:49]} 9. Re1 {[%emt 0:00:49]} Be6 {[%emt 0:00:38]} 10. Bf3 {[%emt 0:00:11]} Nbd7 {[%emt 0:01:12]} 11. a4 {[%emt 0:00:44]} h5 {[%emt 0:03:14]} 12. h3 {[%emt 0:03:38]} g6 {[%emt 0:02:02]} 13. a5 {[%emt 0:01:00]} Rc8 {[%emt 0:01:32]} 14. Be3 {[%emt 0:00:50]} Nh7 {[%emt 0:02:58]} 15. Re2 {[%emt 0:04:19]} Rc6 {[%emt 0:08:28]} 16. Rd2 {[%emt 0:08:55]} Bg5 {[%emt 0:03:28]} 17. Rxd6 {[%emt 0:02:09]} Rxd6 {[%emt 0:05:37]} 18. Qxd6 {[%emt 0:00:07]} Bxe3 {[%emt 0:00:30]} 19. fxe3 {[%emt 0:00:06]} Qg5 {[%emt 0:02:21]} 20. Kf2 {[%emt 0:01:19]} Ndf6 {[%emt 0:05:07]} 21. Rh1 {[%emt 0:04:44]} h4 {[%emt 0:06:04]} 22. Ne2 {[%emt 0:00:25]} Rc8 {[%emt 0:12:26]} 23. Nc5 {[%emt 0:01:03]} Ne8 {[%emt 0:02:02]} 24. Qb6 {[%emt 0:12:17]} Bc4 {[%emt 0:02:23]} 25. Rd1 {[%emt 0:13:03]} Bxe2 {[%emt 0:22:51]} 26. Kxe2 {[%emt 0:00:14]} Rc6 {[%emt 0:00:05]} 27. Qb4 {[%emt 0:02:31]} Qe7 {[%emt 0:02:01]} 28. Nxa6 {[%emt 0:00:37]} Rxc2+ {[%emt 0:01:26]} 29. Kd3 {[%emt 0:00:20]} Qxb4 {[%emt 0:00:52]} 30. Nxb4 {[%emt 0:00:04]} Rxb2 {[%emt 0:03:11]} 31. Kc3 {[%emt 0:00:44]} Rf2 {[%emt 0:00:05]} 32. Kb3 {[%emt 0:00:47]} Ng5 {[%emt 0:01:54]} 33. Nd3 {[%emt 0:00:12]} Rxf3 {[%emt 0:00:26]} 34. gxf3 {[%emt 0:00:05]} Nxf3 {[%emt 0:00:10]} 35. Nc5 {[%emt 0:01:00]} Nf6 {[%emt 0:00:35]} 36. Nxb7 {[%emt 0:00:32]} 1-0

[Event "37th Belgrade Trophy 2024"]
[Site "Belgrade"]
[Date "2024.11.27"]
[Round "5.4"]
[White "Milicevic, Aleksa"]
[Black "Martic, Ivan"]
[Result "0-1"]
[WhiteElo "1982"]
[BlackElo "2261"]
[Annotator "RC"]
[PlyCount "102"]
[EventDate "2024.11.23"]
[EventCountry "SRB"]
[SourceTitle "playchess.com"]
[Source "ChessBase"]
[SourceQuality "1"]
[TimeControl "40/5400+30:900+30"]

1. d4 {[%emt 0:00:30]} Nf6 {[%emt 0:01:23]} 2. Nf3 {[%emt 0:00:09]} g6 {[%emt 0:00:07]} 3. c4 {[%emt 0:00:30]} Bg7 {[%emt 0:00:07]} 4. Nc3 {[%emt 0:01:37]} O-O {[%emt 0:00:38]} 5. g3 {[%emt 0:00:38]} d6 {[%emt 0:00:12]} 6. Bg2 {[%emt 0:00:08]} Nc6 {[%emt 0:00:15]} 7. O-O {[%emt 0:01:00]} a6 {[%emt 0:00:10]} 8. h3 {[%emt 0:05:57]} Rb8 {[%emt 0:00:18]} 9. e4 {[%emt 0:00:18]} e6 {[%emt 0:03:52]} 10. a4 {[%emt 0:04:25]} Bd7 {[%emt 0:02:57]} 11. Be3 {[%emt 0:02:50]} Ne7 {[%emt 0:01:39]} 12. a5 {[%emt 0:03:02]} Qc8 {[%emt 0:02:52]} 13. Qd2 {[%emt 0:15:55]} e5 {[%emt 0:04:27]} 14. dxe5 {[%emt 0:02:16]} dxe5 {[%emt 0:00:08]} 15. Kh2 {[%emt 0:00:04]} Nc6 {[%emt 0:06:59]} 16. Qc2 {[%emt 0:09:18]} Re8 {[%emt 0:09:32]} 17. Rfd1 {[%emt 0:00:31]} Be6 {[%emt 0:10:44]} 18. Nd5 {[%emt 0:03:04]} Nd7 {[%emt 0:01:33]} 19. Qd2 {[%emt 0:09:43]} Nf6 {[%emt 0:02:12]} 20. Qc2 {[%emt 0:01:43]} Nh5 {[%emt 0:02:36]} 21. b4 {[%emt 0:04:28]} f5 {[%emt 0:03:57]} 22. b5 {[%emt 0:05:03]} Nd8 {[%emt 0:04:53]} 23. Ba7 {[%emt 0:01:48]} Ra8 {[%emt 0:04:26]} 24. Bc5 {[%emt 0:05:14]} Bxd5 {[%emt 0:01:22]} 25. cxd5 {[%emt 0:01:29]} Nf7 {[%emt 0:03:10]} 26. Rac1 {[%emt 0:08:20]} Bh6 {[%emt 0:04:29]} 27. Rb1 {[%emt 0:01:00]} Nd6 {[%emt 0:01:28]} 28. exf5 {[%emt 0:02:03]} gxf5 {[%emt 0:01:11]} 29. Qb3 {[%emt 0:04:35]} axb5 {[%emt 0:02:04]} 30. Bxd6 {[%emt 0:00:45]} cxd6 {[%emt 0:00:05]} 31. Qxb5 {[%emt 0:01:24]} Re7 {[%emt 0:02:19]} 32. Rb4 {[%emt 0:02:21]} Qc2 {[%emt 0:04:52]} 33. Rf1 {[%emt 0:00:10]} Nf6 {[%emt 0:00:30]} 34. Nh4 {[%emt 0:00:41]} Rf8 {[%emt 0:04:41]} 35. Rb2 {[%emt 0:00:19]} Qc8 {[%emt 0:00:16]} 36. Qb6 {[%emt 0:01:25]} Ne8 {[%emt 0:01:43]} 37. Bf3 {[%emt 0:00:27]} Bg7 {[%emt 0:07:39]} 38. Bh5 {[%emt 0:01:16]} e4 {[%emt 0:00:08]} 39. Rbb1 {[%emt 0:00:21]} Be5 {[%emt 0:02:25]} 40. Rbc1 {[%emt 0:00:29]} Qd7 {[%emt 0:00:39]} 41. Ng2 {[%emt 0:17:45]} Nf6 {[%emt 0:15:57]} 42. Be2 {[%emt 0:00:17]} Rg7 {[%emt 0:01:35]} 43. Nf4 {[%emt 0:00:00]} Bxf4 {[%emt 0:00:00]} 44. gxf4 {[%emt 0:00:00]} Kh8 {[%emt 0:00:00]} 45. Rg1 {[%emt 0:00:00]} Rfg8 {[%emt 0:00:00]} 46. Bb5 {[%emt 0:00:00]} Qe7 {[%emt 0:00:00]} 47. Qd4 {[%emt 0:00:00]} Ng4+ {[%emt 0:00:00]} 48. Rxg4 {[%emt 0:00:00]} fxg4 {[%emt 0:00:00]} 49. Rg1 {[%emt 0:00:08]} h5 {[%emt 0:00:00]} 50. Ba4 {[%emt 0:00:35]} Rf8 {[%emt 0:00:00]} 51. Rg3 {[%emt 0:02:51]} Rxf4 {[%emt 0:00:00]} 0-1

[Event "37th Belgrade Trophy 2024"]
[Site "Belgrade"]
[Date "2024.11.27"]
[Round "5.5"]
[White "Divljan, Igor"]
[Black "Khaleev, Timofey D"]
[Result "1/2-1/2"]
[WhiteElo "2221"]
[BlackElo "1743"]
[Annotator "RC"]
[PlyCount "46"]
[EventDate "2024.11.23"]
[EventCountry "SRB"]
[SourceTitle "playchess.com"]
[Source "ChessBase"]
[SourceQuality "1"]
[TimeControl "40/5400+30:900+30"]

1. d4 {[%emt 0:03:01]} d5 {[%emt 0:00:06]} 2. Nc3 {[%emt 0:00:13]} Nf6 {[%emt 0:00:07]} 3. Bf4 {[%emt 0:00:13]} c5 {[%emt 0:00:04]} 4. e4 {[%emt 0:00:13]} Nxe4 {[%emt 0:00:07]} 5. Nxe4 {[%emt 0:00:24]} dxe4 {[%emt 0:00:06]} 6. dxc5 {[%emt 0:00:40]} Qa5+ {[%emt 0:00:05]} 7. c3 {[%emt 0:00:51]} Qxc5 {[%emt 0:00:05]} 8. Qa4+ {[%emt 0:01:42]} Nc6 {[%emt 0:00:10]} 9. Qxe4 {[%emt 0:00:19]} g6 {[%emt 0:00:18]} 10. Nf3 {[%emt 0:01:19]} Bg7 {[%emt 0:00:42]} 11. Qe3 {[%emt 0:01:11]} Qxe3+ {[%emt 0:00:46]} 12. Bxe3 {[%emt 0:02:09]} O-O {[%emt 0:02:29]} 13. Be2 {[%emt 0:02:16]} Rd8 {[%emt 0:01:13]} 14. O-O {[%emt 0:02:34]} Bf5 {[%emt 0:01:16]} 15. Rfd1 {[%emt 0:05:29]} Bc2 {[%emt 0:01:18]} 16. Rxd8+ {[%emt 0:04:30]} Rxd8 {[%emt 0:00:14]} 17. Kf1 {[%emt 0:06:43]} a6 {[%emt 0:04:43]} 18. Rc1 {[%emt 0:28:16]} Bf5 {[%emt 0:04:00]} 19. Rd1 {[%emt 0:08:18]} Rxd1+ {[%emt 0:03:48]} 20. Bxd1 {[%emt 0:00:04]} Be6 {[%emt 0:02:59]} 21. a4 {[%emt 0:04:58]} Bc4+ {[%emt 0:07:21]} 22. Ke1 {[%emt 0:00:16]} Bd5 {[%emt 0:00:39]} 23. Bb6 {[%emt 0:08:04]} e5 {[%emt 0:06:01]} 1/2-1/2